000 00694nam a2200253Ia 4500
005 20260121160914.0
008 008 260114s9999 xx 000 0 eng d
020 _a9781315778631
037 _aEBOOK
040 _aCRL
040 _beng
040 _cCRL
041 _2eng
041 _aeng
084 _qCRL
100 _a Peter Moss; Paola Cagliari; Marina Castagnetti; Claudia Giudici; Carlina Rinaldi; Vea Vecchi
_91037771
245 0 _aLoris Malaguzzi and the Schools of Reggio Emilia
260 _bTaylor and Francis
260 _c2016
856 _uhttp://www.taylorfrancis.com/books/9781315778631
942 _cEBOOK
999 _c1604587
_d1604587